effectiveness of benzylaminopurine on the growth of protocorm of dendrobium crumenatum sw ,in vitrro (Record no. 869)

000 -LEADER
fixed length control field 00414nam a22001217a 4500
040 ## - CATALOGING SOURCE
Transcribing agency RUA
082 ## - DEWEY DECIMAL CLASSIFICATION NUMBER
Classification number AGR HAY 2009 B039 Or.1
100 ## - MAIN ENTRY--AUTHOR NAME
Personal name HAY CHANTHY
245 ## - TITLE STATEMENT
Title effectiveness of benzylaminopurine on the growth of protocorm of dendrobium crumenatum sw ,in vitrro
300 ## - PHYSICAL DESCRIPTION
Number of Pages xiii, 41p.
Other physical details ill.
Dimensions 29cm.
856 ## - ELECTRONIC LOCATION AND ACCESS
Uniform Resource Identifier https://drive.google.com/file/d/1o1FeL7Poc7F62MXspj5hQSSueWm2Qa-c/view?usp=sharing
942 ## - ADDED ENTRY ELEMENTS (KOHA)
Koha item type AGR
952 ## - LOCATION AND ITEM INFORMATION (KOHA)
Withdrawn status [LOCAL, KOHA] 0
952 ## - LOCATION AND ITEM INFORMATION (KOHA)
Withdrawn status [LOCAL, KOHA] 0
952 ## - LOCATION AND ITEM INFORMATION (KOHA)
Withdrawn status [LOCAL, KOHA] 0
952 ## - LOCATION AND ITEM INFORMATION (KOHA)
Withdrawn status [LOCAL, KOHA] 0
952 ## - LOCATION AND ITEM INFORMATION (KOHA)
Withdrawn status [LOCAL, KOHA] 0
952 ## - LOCATION AND ITEM INFORMATION (KOHA)
Withdrawn status [LOCAL, KOHA] 0
952 ## - LOCATION AND ITEM INFORMATION (KOHA)
Withdrawn status [LOCAL, KOHA] 0
952 ## - LOCATION AND ITEM INFORMATION (KOHA)
Withdrawn status [LOCAL, KOHA] 0
952 ## - LOCATION AND ITEM INFORMATION (KOHA)
Withdrawn status [LOCAL, KOHA] 0
Holdings
Permanent Location Date acquired Koha item type Lost status Shelving location Barcode Current Location Full call number
Library Block B2015-09-20AGR B039RUA000049Library Block BAGR HAY 2009 B039 Or.1
Library Block B2015-09-20AGR B039RUA000188Library Block BAGR HAY 2009 B039 Or.2
Library Block B2015-09-20AGR B039RUA000175Library Block BAGR HAY 2009 B039 Or.3
Library Block B2015-09-20AGR B039RUA000193Library Block BAGR HAY 2009 B039 Or.4
Library Block B2015-09-20AGR B039RUA000162Library Block BAGR HAY 2009 B039 Or.5
Library Block B2015-09-20AGR B039RUA000085Library Block BAGR HAY 2009 B039 Or.6
Library Block B2015-09-20AGR B039RUA000044Library Block BAGR HAY 2009 B039 Or.7
Library Block B2015-09-24AGR B039RUA000537Library Block BAGR HAY 2009 B039 Or.8
Library Block B2019-02-11AGR B1.218A36585Library Block BAGR HAY 2009 B1.218 Or.1
មជ្ឈមណ្ឌលឯការនៃសាកលវិទ្យាល័យភូមិន្ទកសិកម្មចំការដូង

Powered by Koha